[Event "DEM U12 2005"]
[Site "Willingen GER"]
[Date "2005.05.21"]
[Round "11"]
[White "Jussupow, Alexander"]
[Black "Grünter, Martin"]
[Result "1/2-1/2"]
[Termination "normal"]
[Board "10"]
[WhiteElo "1943"]
[BlackElo "1574"]
[PlyCount "82"]
[WhiteFideId "24613509"]
[BlackFideId "24640352"]
[EventCountry "GER"]
[EventRounds "11"]
[EventType "swiss"]
[EventDate "2005.05.15"]

1. d4 Nf6 2. Nf3 e6 3. Bg5 h6 4. Bf4 b6 5. e3 Bb7 6. Bd3 c5 7. Nbd2 Be7 8. O-O
Nc6 9. c3 O-O 10. a3 Rc8 11. Rc1 d6 12. Bb1 d5 13. Qc2 Bd6 14. Be5 g6 15. h3
Bxe5 16. Nxe5 cxd4 17. Nxc6 Bxc6 18. exd4 Re8 19. Nf3 Nd7 20. Rfe1 Qf6 21. Qd2
Kg7 22. Qe3 Ba4 23. Bd3 Rc7 24. Nh2 Qg5 25. f4 Qh4 26. Nf3 Qf6 27. Nh2 h5 28.
Nf3 Rec8 29. Ne5 Nxe5 30. fxe5 Qe7 31. Rf1 Bb3 32. Rf6 Bc4 33. Rcf1 Bxd3 34.
Qxd3 Qe8 35. Qf3 Rb8 36. g4 hxg4 37. hxg4 Qe7 38. Kg2 Rh8 39. Qe3 Qe8 40. Qg5
Rh6 41. Qf4 Rh8 1/2-1/2

[Event "DEM U12 2005"]
[Site "Willingen GER"]
[Date "2005.05.21"]
[Round "11"]
[White "Wang, Zhangxian"]
[Black "Specht, Christian"]
[Result "1/2-1/2"]
[Termination "normal"]
[Board "11"]
[WhiteElo "1734"]
[BlackElo "1568"]
[PlyCount "59"]
[BlackFideId "24647985"]
[EventCountry "GER"]
[EventRounds "11"]
[EventType "swiss"]
[EventDate "2005.05.15"]

1. e4 c5 2. Nf3 Nc6 3. d4 cxd4 4. Nxd4 Nf6 5. Nc3 e5 6. Ndb5 d6 7. Bg5 a6 8.
Na3 b5 9. Bxf6 gxf6 10. Nd5 f5 11. Bxb5 axb5 12. Nxb5 Ra4 13. b4 Rxb4 14. Nbc7+
Kd7 15. O-O Qg5 16. Nxb4 Rg8 17. g3 Nxb4 18. Rb1 Nc6 19. Nd5 Be7 20. Nb6+ Kc7
21. Qe2 Qg4 22. Qb5 Bh4 23. Nd5+ Kd7 24. Rfe1 f4 25. Rb3 Qh3 26. Nb6+ Kc7 27.
Na8+ Kd7 28. Rc3 fxg3 29. Qxc6+ Ke7 30. Qc7+ 1/2-1/2

[Event "DEM U12 2005"]
[Site "Willingen GER"]
[Date "2005.05.21"]
[Round "11"]
[White "Begeluri, Nino"]
[Black "Hager, Joshua Aarash"]
[Result "0-1"]
[Termination "normal"]
[Board "13"]
[WhiteElo "1167"]
[BlackElo "1632"]
[PlyCount "150"]
[BlackFideId "24642789"]
[EventCountry "GER"]
[EventRounds "11"]
[EventType "swiss"]
[EventDate "2005.05.15"]

1. e4 c5 2. Nf3 d6 3. c3 Nf6 4. Be2 e5 5. O-O Nc6 6. d3 Be7 7. h3 O-O 8. Be3 h6
9. Nh2 Qc7 10. Nd2 Rb8 11. b3 b5 12. c4 b4 13. f4 Nd4 14. Bxd4 cxd4 15. f5 a5
16. Ng4 Nd7 17. Nf3 Re8 18. Nf2 Nc5 19. Rb1 Bd7 20. Qd2 Rb7 21. Rb2 Reb8 22.
Rfb1 Rb6 23. g4 Qd8 24. Bf1 R8b7 25. Nd1 Qb8 26. Qc2 a4 27. Qc1 Bd8 28. h4 Rc7
29. g5 Kh7 30. Rg2 Be8 31. h5 axb3 32. axb3 Qc8 33. g6+ fxg6 34. hxg6+ Kg8 35.
Nf2 Qd7 36. Qc2 Qe7 37. Ra1 Rbb7 38. Ra5 Rd7 39. Rb5 Rdc7 40. Rxb7 Rxb7 41. Qa2
Ra7 42. Qb2 Ra3 43. Nd2 Qa7 44. Nh3 Ra2 45. Qb1 Ra1 46. Qc2 Qa2 47. Qxa2 Rxa2
48. Nb1 Rxg2+ 49. Kxg2 Nxb3 50. Kf2 Nc5 51. Ke2 Ba4 52. Kd2 Bg5+ 53. Ke1 Bc2
54. Nd2 b3 55. Nxb3 Nxb3 56. Nf2 Nc1 57. Be2 Be3 58. Nd1 Nxd3+ 59. Bxd3 Bxd3
60. Nb2 Bc2 61. Ke2 Bc1 62. Nd1 d3+ 63. Ke1 d2+ 64. Ke2 Bxd1+ 65. Kxd1 h5 66.
c5 dxc5 67. Ke2 c4 68. Kd1 c3 69. Kc2 h4 70. Kd1 h3 71. Kc2 h2 72. Kd1 h1=Q+
73. Kc2 Qxe4+ 74. Kxc3 d1=Q 75. f6 Qdc2# 0-1

[Event "DEM U12 2005"]
[Site "Willingen GER"]
[Date "2005.05.21"]
[Round "11"]
[White "Kotainy, Jens"]
[Black "Bräuer, Franz"]
[Result "1/2-1/2"]
[Termination "normal"]
[Board "14"]
[WhiteElo "1624"]
[BlackElo "1546"]
[PlyCount "55"]
[WhiteFideId "24670499"]
[BlackFideId "24634468"]
[EventCountry "GER"]
[EventRounds "11"]
[EventType "swiss"]
[EventDate "2005.05.15"]

1. d4 d5 2. c4 c6 3. Nc3 Nf6 4. e3 e6 5. Nf3 Be7 6. Bd3 Nbd7 7. O-O dxc4 8.
Bxc4 O-O 9. Bd2 b5 10. Bd3 Bb7 11. Qe2 a6 12. Rac1 c5 13. Rfe1 Re8 14. a3 h6
15. h3 Bf8 16. Bc2 e5 17. Nxe5 Nxe5 18. dxe5 Rxe5 19. Rcd1 Qb6 20. Bc1 Ree8 21.
b3 Rad8 22. Bb2 Bd6 23. Rd2 Bb8 24. Red1 Qc7 25. f4 Rxd2 26. Rxd2 Qb6 27. Qf2
Ba7 28. Nd1 1/2-1/2

[Event "DEM U12 2005"]
[Site "Willingen GER"]
[Date "2005.05.21"]
[Round "11"]
[White "Gadschisade, Machmud"]
[Black "Kusmierek, Kasper"]
[Result "1-0"]
[Termination "normal"]
[Board "15"]
[WhiteElo "1676"]
[BlackElo "1543"]
[PlyCount "105"]
[WhiteFideId "4647734"]
[EventCountry "GER"]
[EventRounds "11"]
[EventType "swiss"]
[EventDate "2005.05.15"]

1. c4 Nf6 2. Nc3 g6 3. g3 Bg7 4. Bg2 O-O 5. Nf3 d6 6. O-O e5 7. d3 h6 8. Bd2
Be6 9. Qb3 b6 10. Qc2 Nc6 11. a3 a5 12. Nb5 Qd7 13. b4 Na7 14. bxa5 Nxb5 15.
cxb5 bxa5 16. a4 Bh3 17. Rac1 Rac8 18. Bxa5 Nd5 19. Qc6 Qxc6 20. Rxc6 Bd7 21.
Rc2 Nb6 22. Bxb6 cxb6 23. Rfc1 Ra8 24. Rc7 Be6 25. R7c6 Rxa4 26. Rxd6 Rb8 27.
Rb1 Ba2 28. Rc1 Ra5 29. d4 Rxb5 30. dxe5 Bxe5 31. Nxe5 Rxe5 32. Rc2 Be6 33. Rb2
b5 34. Rd4 Bc4 35. Rxc4 bxc4 36. Rxb8+ Kg7 37. e3 Rc5 38. Rb2 Kf6 39. Rc2 Ke5
40. Rc3 f5 41. Bf1 Kd5 42. Kg2 g5 43. Kf3 h5 44. h4 gxh4 45. gxh4 Rc6 46. Rxc4
Rxc4 47. Bxc4+ Kxc4 48. Kf4 Kd3 49. Kxf5 Ke2 50. Kg5 Kxf2 51. e4 Kf3 52. e5 Ke4
53. e6 1-0

[Event "DEM U12 2005"]
[Site "Willingen GER"]
[Date "2005.05.21"]
[Round "11"]
[White "Brumme, Jan"]
[Black "Weber, Raphael"]
[Result "0-1"]
[Termination "normal"]
[Board "16"]
[WhiteElo "1487"]
[BlackElo "1721"]
[PlyCount "50"]
[BlackFideId "24644110"]
[EventCountry "GER"]
[EventRounds "11"]
[EventType "swiss"]
[EventDate "2005.05.15"]

1. e4 e5 2. Nf3 Nc6 3. Bb5 g6 4. O-O Bg7 5. h3 Nge7 6. Re1 O-O 7. c3 d6 8. d3
Kh8 9. Nbd2 f5 10. Nf1 f4 11. N1h2 h6 12. d4 exd4 13. cxd4 g5 14. b3 Ng6 15.
Bb2 Qe7 16. Qc2 Bd7 17. Bc4 h5 18. e5 Bf5 19. Qe2 g4 20. hxg4 hxg4 21. Nd2 Qh4
22. Bd3 g3 23. fxg3 fxg3 24. Nhf3 Qh6 25. Nc4 Nf4 0-1

[Event "DEM U12 2005"]
[Site "Willingen GER"]
[Date "2005.05.21"]
[Round "11"]
[White "Ohnmacht, Simon"]
[Black "Boos, Philipp"]
[Result "1-0"]
[Termination "normal"]
[Board "17"]
[WhiteElo "1516"]
[BlackElo "1586"]
[PlyCount "113"]
[WhiteFideId "24672980"]
[EventCountry "GER"]
[EventRounds "11"]
[EventType "swiss"]
[EventDate "2005.05.15"]

1. b3 b6 2. Bb2 Bb7 3. f4 e6 4. e3 Nf6 5. Nf3 Be7 6. Be2 O-O 7. O-O c5 8. Qe1
d5 9. d3 Nbd7 10. Nbd2 b5 11. Qg3 Rc8 12. a4 c4 13. dxc4 dxc4 14. bxc4 bxc4 15.
Bxc4 Bxf3 16. Qxf3 Bc5 17. Bd3 Nd5 18. Nc4 Rb8 19. Rfe1 N7f6 20. Be5 Rb4 21.
Kh1 Qd7 22. e4 Nb6 23. Nxb6 Bxb6 24. Bb5 Qb7 25. Bxf6 gxf6 26. Ra3 Kh8 27. h3
Rg8 28. Rd3 Rd4 29. Rxd4 Bxd4 30. Qd3 Rd8 31. Qf3 Rg8 32. Rd1 a6 33. Bxa6 Qxa6
34. Rxd4 Qb7 35. e5 Qb1+ 36. Qd1 Qxd1+ 37. Rxd1 f5 38. a5 Ra8 39. Ra1 Ra6 40.
Kg1 Kg8 41. Kf2 Kf8 42. Ke3 Ke8 43. Kd4 Kd7 44. c4 Kc6 45. g4 Ra7 46. gxf5 exf5
47. a6 Rd7+ 48. Kc3 Ra7 49. Rd1 h5 50. Kb4 h4 51. Rd6+ Kc7 52. Kb5 Ra8 53. c5
Ra7 54. Rf6 Kc8 55. Rxf5 Kb8 56. Kb6 Ka8 57. Rh5 1-0

[Event "DEM U12 2005"]
[Site "Willingen GER"]
[Date "2005.05.21"]
[Round "11"]
[White "Wilke, Friedrich"]
[Black "Osmanodja, Bilgin"]
[Result "0-1"]
[Termination "normal"]
[Board "18"]
[WhiteElo "1458"]
[BlackElo "1574"]
[PlyCount "96"]
[EventCountry "GER"]
[EventRounds "11"]
[EventType "swiss"]
[EventDate "2005.05.15"]

1. c4 Nf6 2. Nc3 g6 3. Nf3 Bg7 4. g3 O-O 5. Bg2 d6 6. O-O e5 7. d3 c6 8. Bg5
Qc7 9. Qd2 Nh5 10. Bh6 f5 11. b4 Rf7 12. b5 Bd7 13. Bxg7 Rxg7 14. Rab1 f4 15.
Ne4 c5 16. e3 fxg3 17. fxg3 Bf5 18. Nc3 Nd7 19. Ng5 Nb6 20. Nd5 Nxd5 21. Bxd5+
Kh8 22. Nf7+ Rxf7 23. Bxf7 Qxf7 24. e4 Qe6 25. exf5 gxf5 26. a4 Rg8 27. Kh1 f4
28. gxf4 Qh3 29. Rg1 Ng3+ 30. Rxg3 Rxg3 31. fxe5 Rxd3 32. Qe2 Re3 33. Qf2 Rf3
34. Qe2 Qf5 35. Re1 Rf2 36. Qe3 Rf1+ 37. Kg2 Rxe1 38. Qxe1 dxe5 39. Qe3 Qg4+
40. Kf2 Qd4 41. a5 Kg7 42. Kf3 Qxe3+ 43. Kxe3 Kf6 44. Ke4 Ke6 45. b6 a6 46. Ke3
Kf5 47. Kf3 e4+ 48. Ke3 Ke5 0-1

[Event "DEM U12 2005"]
[Site "Willingen GER"]
[Date "2005.05.21"]
[Round "11"]
[White "Mirke, Roy"]
[Black "Fittkau, Nico"]
[Result "0-1"]
[Termination "normal"]
[Board "20"]
[WhiteElo "1549"]
[BlackElo "1369"]
[PlyCount "60"]
[WhiteFideId "24647306"]
[EventCountry "GER"]
[EventRounds "11"]
[EventType "swiss"]
[EventDate "2005.05.15"]

1. Nf3 Nf6 2. d4 e6 3. e3 b6 4. Bd3 Be7 5. Nbd2 Bb7 6. c3 O-O 7. O-O c5 8. e4
d5 9. e5 Nfd7 10. Qe2 f6 11. Re1 Nc6 12. a3 cxd4 13. cxd4 Rc8 14. Nb3 fxe5 15.
dxe5 Nc5 16. Nxc5 bxc5 17. Bd2 c4 18. Bc2 Bc5 19. Bg5 Qb6 20. Bh4 Nd4 21. Nxd4
Bxd4 22. Rab1 Rf7 23. Rf1 Ba6 24. b4 cxb3 25. Bd3 Bxd3 26. Qxd3 Rc3 27. Qd1 a5
28. Bg3 a4 29. Rb2 Rxg3 30. hxg3 Bxb2 0-1

[Event "DEM U12 2005"]
[Site "Willingen GER"]
[Date "2005.05.21"]
[Round "11"]
[White "Schiffner, Kevin"]
[Black "Billing, Alexander"]
[Result "0-1"]
[Termination "normal"]
[Board "21"]
[WhiteElo "1429"]
[BlackElo "1728"]
[PlyCount "70"]
[WhiteFideId "24674940"]
[BlackFideId "24624420"]
[EventCountry "GER"]
[EventRounds "11"]
[EventType "swiss"]
[EventDate "2005.05.15"]

1. e4 e6 2. d4 d5 3. exd5 exd5 4. Bd3 Bd6 5. Nc3 Ne7 6. Nge2 c6 7. Bf4 O-O 8.
Qd2 b5 9. Bxd6 Qxd6 10. Nf4 Re8 11. Nce2 Bf5 12. O-O-O a5 13. Bxf5 Nxf5 14. g4
Ne7 15. h4 b4 16. g5 a4 17. h5 b3 18. a3 Nd7 19. Qd3 Reb8 20. c3 Nb6 21. Qg3
Nc4 22. Nd3 Nf5 23. Qxd6 Nfxd6 24. Nb4 Re8 25. Rhe1 Ne4 26. Ng3 Nxf2 27. Rxe8+
Rxe8 28. Rf1 Re6 29. Nf5 Kf8 30. Nh4 Re2 31. Nf3 Rxb2 32. Re1 Ne4 33. Ne5 Rc2+
34. Nxc2 b2+ 35. Kb1 Nxc3# 0-1

[Event "DEM U12 2005"]
[Site "Willingen GER"]
[Date "2005.05.21"]
[Round "11"]
[White "Weissbeck, Simon"]
[Black "Blübaum, Johanna"]
[Result "1-0"]
[Termination "normal"]
[Board "22"]
[WhiteElo "1439"]
[BlackElo "1542"]
[PlyCount "135"]
[WhiteFideId "24646865"]
[BlackFideId "24647373"]
[EventCountry "GER"]
[EventRounds "11"]
[EventType "swiss"]
[EventDate "2005.05.15"]

1. e4 e6 2. d4 d5 3. e5 c5 4. c3 Nc6 5. Nf3 Qb6 6. a3 c4 7. Nbd2 f6 8. Be2 fxe5
9. Nxe5 Nxe5 10. dxe5 Bc5 11. O-O Ne7 12. Bh5+ g6 13. Bf3 Bd7 14. Qe2 O-O-O 15.
Re1 Nc6 16. Nf1 h6 17. Be3 Nxe5 18. Bxc5 Nxf3+ 19. Qxf3 Qxc5 20. Ne3 Rdf8 21.
Qg3 g5 22. Ng4 h5 23. Ne5 h4 24. Qe3 Qxe3 25. Rxe3 Rf6 26. Ng4 Rf4 27. Ne5 Be8
28. Nf3 Bd7 29. Nxg5 Rg4 30. Nf7 Rhg8 31. g3 R4g7 32. Ne5 Be8 33. Rae1 Re7 34.
Nf3 hxg3 35. fxg3 Bd7 36. Nd4 Rge8 37. Nf5 Kd8 38. Nxe7 Rxe7 39. Rf1 Rg7 40. h4
Ke7 41. Kh2 Rg4 42. Rf4 Rxf4 43. gxf4 Kf6 44. Kg3 Be8 45. Kg4 Bg6 46. Re5 Bf5+
47. Kh5 Bg6+ 48. Kh6 Bf5 49. h5 b5 50. Re1 d4 51. cxd4 a5 52. Rc1 Be4 53. a4
Bc6 54. Kh7 Kf7 55. axb5 Bxb5 56. Kh6 Kf6 57. Rg1 Be8 58. Rg6+ Kf5 59. Rg5+
Kxf4 60. Rxa5 Ke4 61. Re5+ Kxd4 62. Rxe6 Bf7 63. Rb6 Kc5 64. Rf6 Bd5 65. Kg7
Kd4 66. h6 Be4 67. Rf4 Kd3 68. Rxe4 1-0

[Event "DEM U12 2005"]
[Site "Willingen GER"]
[Date "2005.05.21"]
[Round "11"]
[White "Tantzen, Cedric"]
[Black "Lindner, Robert"]
[Result "1/2-1/2"]
[Termination "normal"]
[Board "23"]
[WhiteElo "1538"]
[BlackElo "1391"]
[PlyCount "75"]
[WhiteFideId "24640018"]
[BlackFideId "24658847"]
[EventCountry "GER"]
[EventRounds "11"]
[EventType "swiss"]
[EventDate "2005.05.15"]

1. e4 e6 2. d4 d5 3. exd5 exd5 4. Bd3 Bd6 5. Qf3 Nc6 6. c3 Nge7 7. Bf4 Be6 8.
Bxd6 Qxd6 9. Ne2 f6 10. Nd2 Ng6 11. Bxg6+ hxg6 12. Qg3 Qxg3 13. Nxg3 O-O-O 14.
O-O-O Ne7 15. Rde1 Rd6 16. Re2 Nf5 17. Nxf5 Bxf5 18. h3 Ra6 19. a3 Re6 20. Rhe1
Rhe8 21. Rxe6 Rxe6 22. Rxe6 Bxe6 23. Kd1 Kd7 24. Ke2 Kc6 25. g4 Kd6 26. Nf3 Ke7
27. Nh4 Bf7 28. f4 Kd6 29. Ke3 Ke7 30. Nf3 Be6 31. Nh4 Bf7 32. Kf3 Kd6 33. Kg3
Ke7 34. Nf3 Kd6 35. g5 Kc6 36. h4 Kb5 37. b3 a5 38. Nd2 1/2-1/2

[Event "DEM U12 2005"]
[Site "Willingen GER"]
[Date "2005.05.21"]
[Round "11"]
[White "Dürre, Gregor"]
[Black "Sancar, Kenan"]
[Result "1/2-1/2"]
[Termination "normal"]
[Board "24"]
[WhiteElo "1319"]
[BlackElo "1517"]
[PlyCount "43"]
[BlackFideId "24647543"]
[EventCountry "GER"]
[EventRounds "11"]
[EventType "swiss"]
[EventDate "2005.05.15"]

1. e4 d5 2. exd5 Qxd5 3. Nc3 Qd6 4. d4 Nf6 5. g3 Bf5 6. Bf4 Qd7 7. Bg2 c6 8.
Nf3 e6 9. a3 Bd6 10. Bg5 Nd5 11. Ne2 h6 12. Bd2 O-O 13. O-O Qe7 14. c4 Nf6 15.
Bf4 Nbd7 16. c5 Bxf4 17. Nxf4 Nd5 18. Nxd5 cxd5 19. Nh4 Bh7 20. b4 Rac8 21. f4
g6 22. Nf3 1/2-1/2

[Event "DEM U12 2005"]
[Site "Willingen GER"]
[Date "2005.05.21"]
[Round "11"]
[White "Hohmann, Louisa"]
[Black "Höfer, Michael"]
[Result "1/2-1/2"]
[Termination "normal"]
[Board "25"]
[WhiteElo "1301"]
[BlackElo "1507"]
[PlyCount "57"]
[BlackFideId "24668850"]
[EventCountry "GER"]
[EventRounds "11"]
[EventType "swiss"]
[EventDate "2005.05.15"]

1. e4 e5 2. Nf3 Nc6 3. Bb5 d6 4. d4 exd4 5. Nxd4 Bd7 6. Bxc6 bxc6 7. Qd3 Nf6 8.
Nc3 Be7 9. Bg5 O-O 10. O-O h6 11. Bh4 Rb8 12. b3 c5 13. Ndb5 Be6 14. Nxa7 Ra8
15. Nc6 Qe8 16. Nxe7+ Qxe7 17. Qf3 g5 18. Bg3 Bg4 19. Qd3 Rfe8 20. Nd5 Nxd5 21.
Qxd5 Be2 22. Rfe1 Qxe4 23. Qxe4 Rxe4 24. f3 Ree8 25. Kf2 Bb5 26. Rxe8+ Rxe8 27.
Re1 Rxe1 28. Kxe1 Kg7 29. Kd2 1/2-1/2

[Event "DEM U12 2005"]
[Site "Willingen GER"]
[Date "2005.05.21"]
[Round "11"]
[White "Braun, Georg"]
[Black "Schätz, Annika"]
[Result "1/2-1/2"]
[Termination "normal"]
[Board "26"]
[WhiteElo "1493"]
[BlackElo "1386"]
[PlyCount "102"]
[WhiteFideId "24629383"]
[BlackFideId "24674796"]
[EventCountry "GER"]
[EventRounds "11"]
[EventType "swiss"]
[EventDate "2005.05.15"]

1. e4 c5 2. Nf3 d6 3. d4 cxd4 4. Nxd4 Nf6 5. Nc3 g6 6. Be3 Bg7 7. h3 O-O 8. Bc4
Nc6 9. Qd2 Bd7 10. O-O-O Rc8 11. Bb3 Ne5 12. g4 Nc4 13. Bxc4 Rxc4 14. Qd3 Rc8
15. h4 h5 16. gxh5 Nxh5 17. Rdg1 b5 18. f4 b4 19. Nd5 e6 20. Nxb4 a5 21. Na6
Ra8 22. f5 Qb6 23. Nxe6 Qxb2+ 24. Kd2 fxe6 25. fxe6 Bb5 26. Qb3 Qxb3 27. axb3
Bxa6 28. Rxg6 Rf6 29. Rg5 Nf4 30. Rf1 Nh5 31. Rfg1 Rh6 32. Rxg7+ Nxg7 33. Bxh6
Ra7 34. Bxg7 Rxg7 35. e7 Bb5 36. Rxg7+ Kxg7 37. c4 Be8 38. Kd3 Kf7 39. Kd4 Kxe7
40. e5 dxe5+ 41. Kxe5 Kd7 42. Kd5 Kc7 43. Kc5 Kb7 44. h5 Bxh5 45. Kb5 Bd1 46.
Kxa5 Bxb3 47. c5 Bd5 48. Kb5 Kc7 49. Ka5 Kc6 50. Kb4 Be6 51. Kc3 Kxc5 1/2-1/2

[Event "DEM U12 2005"]
[Site "Willingen GER"]
[Date "2005.05.21"]
[Round "11"]
[White "Popov, Xenia"]
[Black "Müller, Tobias"]
[Result "1/2-1/2"]
[Termination "normal"]
[Board "27"]
[WhiteElo "1306"]
[BlackElo "1493"]
[PlyCount "41"]
[BlackFideId "24643394"]
[EventCountry "GER"]
[EventRounds "11"]
[EventType "swiss"]
[EventDate "2005.05.15"]

1. d4 d5 2. Nf3 Nc6 3. Bf4 Bg4 4. e3 e6 5. Bd3 Bd6 6. Bxd6 cxd6 7. c4 dxc4 8.
Bxc4 d5 9. Bd3 Qb6 10. Qb3 Qxb3 11. axb3 Bxf3 12. gxf3 Nge7 13. Nc3 O-O 14. O-O
Rfc8 15. Kh1 a6 16. Rg1 b5 17. h4 Kh8 18. Kh2 Rg8 19. Kh1 h6 20. h5 Rgf8 21.
Kh2 1/2-1/2

[Event "DEM U12 2005"]
[Site "Willingen GER"]
[Date "2005.05.21"]
[Round "11"]
[White "Cornish, Alexander"]
[Black "Nguyen Minh, Thuy"]
[Result "1-0"]
[Termination "normal"]
[Board "28"]
[WhiteElo "1466"]
[BlackElo "1328"]
[PlyCount "103"]
[BlackFideId "24672688"]
[EventCountry "GER"]
[EventRounds "11"]
[EventType "swiss"]
[EventDate "2005.05.15"]

1. d4 Nf6 2. c4 g6 3. Nc3 Bg7 4. e4 d6 5. f3 O-O 6. Be3 Nc6 7. Bd3 Qd7 8. Nge2
Rd8 9. a3 e5 10. d5 Ne7 11. Qd2 c6 12. O-O b6 13. Rac1 Bb7 14. b4 c5 15. b5 a6
16. a4 a5 17. Bh6 Bh8 18. Ng3 Bg7 19. Nce2 Kh8 20. Kh1 Neg8 21. Bxg7+ Kxg7 22.
Ng1 Bc8 23. Nh3 Qe7 24. Nf2 h5 25. Ne2 Nh6 26. Qb2 Rh8 27. h3 Bd7 28. f4 Rae8
29. fxe5 Qxe5 30. Qxe5 Rxe5 31. Ng1 Re7 32. Rce1 Nhg4 33. Nf3 Nxf2+ 34. Rxf2
Bc8 35. Kg1 Nd7 36. Rfe2 Ne5 37. Nxe5 Rxe5 38. Rf1 Rg5 39. Kh2 Re5 40. Ref2 Rf8
41. Rf6 Bf5 42. Rxd6 Bxe4 43. Bxe4 Rxe4 44. Rc1 Rb8 45. Rd7 Rd4 46. Kg1 Kf8 47.
Rf1 Rxc4 48. Rfxf7+ Ke8 49. Rfe7+ Kf8 50. Rh7 Ke8 51. d6 Rf4 52. Rde7+ 1-0

[Event "DEM U12 2005"]
[Site "Willingen GER"]
[Date "2005.05.21"]
[Round "11"]
[White "Bochis, Julia"]
[Black "Schwarzat, Julian"]
[Result "1-0"]
[Termination "normal"]
[Board "29"]
[WhiteElo "1461"]
[BlackElo "1185"]
[PlyCount "61"]
[WhiteFideId "24647276"]
[BlackFideId "24675857"]
[EventCountry "GER"]
[EventRounds "11"]
[EventType "swiss"]
[EventDate "2005.05.15"]

1. d4 d5 2. Nf3 Nf6 3. e3 e6 4. Bd3 c5 5. c3 Nc6 6. Nbd2 cxd4 7. exd4 Bd6 8.
O-O Qc7 9. h3 a6 10. Re1 Bd7 11. Nb3 O-O 12. Bg5 Nh5 13. Ne5 g6 14. Bh6 Rfe8
15. g4 Ng7 16. Qf3 Nxe5 17. Qf6 Bf8 18. Rxe5 Qd8 19. Qf3 Bd6 20. Bg5 Be7 21.
Bxe7 Qxe7 22. Nc5 Bc6 23. Rae1 a5 24. Bc2 b6 25. Nd3 h5 26. Nf4 Qf6 27. Kg2
hxg4 28. hxg4 Red8 29. Rh1 Bd7 30. Qh3 Kf8 31. Qh8+ 1-0

[Event "DEM U12 2005"]
[Site "Willingen GER"]
[Date "2005.05.21"]
[Round "11"]
[White "Kazman, Caner"]
[Black "März, Julian"]
[Result "1/2-1/2"]
[Termination "normal"]
[Board "30"]
[WhiteElo "1283"]
[BlackElo "1439"]
[PlyCount "42"]
[WhiteFideId "24684953"]
[BlackFideId "24646172"]
[EventCountry "GER"]
[EventRounds "11"]
[EventType "swiss"]
[EventDate "2005.05.15"]

1. d4 c5 2. Nf3 cxd4 3. Nxd4 Nc6 4. Nc3 Nf6 5. e4 d6 6. Bc4 e6 7. Bg5 Be7 8.
O-O a6 9. a4 O-O 10. Nxc6 bxc6 11. Qe2 Nxe4 12. Qxe4 Bxg5 13. Bd3 g6 14. Qxc6
Ra7 15. Qf3 Qf6 16. Qg3 Qf4 17. Qxf4 Bxf4 18. g3 Be5 19. Ra3 Rc7 20. Nd1 a5 21.
c3 Bd7 1/2-1/2

[Event "DEM U12 2005"]
[Site "Willingen GER"]
[Date "2005.05.21"]
[Round "11"]
[White "Stahnecker, Wieland"]
[Black "Schulz, Anja"]
[Result "1/2-1/2"]
[Termination "normal"]
[Board "31"]
[WhiteElo "1576"]
[BlackElo "1444"]
[PlyCount "29"]
[WhiteFideId "4694481"]
[BlackFideId "24647845"]
[EventCountry "GER"]
[EventRounds "11"]
[EventType "swiss"]
[EventDate "2005.05.15"]

1. e4 c5 2. Nf3 Nc6 3. d4 cxd4 4. Nxd4 g6 5. Nc3 Bg7 6. Be3 Nf6 7. Bc4 O-O 8.
Bb3 a5 9. a4 d6 10. O-O Bd7 11. h3 Rc8 12. f4 Nxd4 13. Bxd4 Be6 14. Bxe6 fxe6
15. Qd3 1/2-1/2

[Event "DEM U12 2005"]
[Site "Willingen GER"]
[Date "2005.05.21"]
[Round "11"]
[White "Kammrad, Carolin"]
[Black "Dorn, Carina"]
[Result "1/2-1/2"]
[Termination "normal"]
[Board "32"]
[WhiteElo "1385"]
[BlackElo "1554"]
[PlyCount "93"]
[BlackFideId "24666335"]
[EventCountry "GER"]
[EventRounds "11"]
[EventType "swiss"]
[EventDate "2005.05.15"]

1. e4 c5 2. Nf3 Nc6 3. d4 cxd4 4. Nxd4 g6 5. c4 Nf6 6. Nc3 Nxd4 7. Qxd4 d6 8.
f3 Bg7 9. Be3 O-O 10. Qd2 Bd7 11. Be2 a6 12. O-O Qa5 13. Rac1 Rfe8 14. b3 b5
15. Nd5 Qxd2 16. Bxd2 Nxd5 17. cxd5 Rec8 18. Bd3 Bd4+ 19. Kh1 Rc5 20. Rxc5 dxc5
21. Bf4 Rc8 22. Rc1 f6 23. Bg3 Kf7 24. f4 e6 25. dxe6+ Kxe6 26. f5+ Kf7 27. h3
g5 28. Bh2 Bc6 29. Re1 Re8 30. Bg1 Bxg1 31. Kxg1 Re5 32. g4 Ke7 33. Kf2 Kd6 34.
Rd1 Kc7 35. Kf3 Be8 36. Kg3 Bc6 37. Kf3 Kb6 38. Bc2 Kc7 39. Rh1 Re7 40. h4 h6
41. hxg5 hxg5 42. Rh6 Rf7 43. Rh1 Kd6 44. Ke3 Ke5 45. Bd3 Rd7 46. Rc1 Kd6 47.
Rh1 1/2-1/2

[Event "DEM U12 2005"]
[Site "Willingen GER"]
[Date "2005.05.21"]
[Round "11"]
[White "Pantusenko, Valeria"]
[Black "Dilz, Jasmin"]
[Result "1-0"]
[Termination "normal"]
[Board "33"]
[WhiteElo "1459"]
[BlackElo "1138"]
[PlyCount "65"]
[WhiteFideId "4662920"]
[EventCountry "GER"]
[EventRounds "11"]
[EventType "swiss"]
[EventDate "2005.05.15"]

1. e4 d5 2. exd5 Qxd5 3. Nc3 Qa5 4. d4 c6 5. Bc4 Bf5 6. Nf3 e6 7. Bd2 Qc7 8.
Qe2 Nf6 9. Nh4 Bg6 10. Nxg6 hxg6 11. h3 Bd6 12. O-O Nbd7 13. a3 O-O-O 14. b4
Rh7 15. b5 c5 16. Be3 b6 17. a4 Rdh8 18. Ra2 cxd4 19. Bxd4 g5 20. Bxf6 gxf6 21.
Rfa1 Be5 22. Ra3 f5 23. Qd3 g4 24. Re1 gxh3 25. g3 h2+ 26. Kh1 Qb7+ 27. Nd5
exd5 28. Bxd5 Qc7 29. Qxf5 Kb8 30. Bc6 Bd6 31. Rae3 a5 32. Re8+ Rxe8 33. Rxe8+
1-0

[Event "DEM U12 2005"]
[Site "Willingen GER"]
[Date "2005.05.21"]
[Round "11"]
[White "Orhan, Eda"]
[Black "Wolf, Isaak"]
[Result "1/2-1/2"]
[Termination "normal"]
[Board "34"]
[WhiteElo "1366"]
[BlackElo "1470"]
[PlyCount "66"]
[WhiteFideId "24659258"]
[EventCountry "GER"]
[EventRounds "11"]
[EventType "swiss"]
[EventDate "2005.05.15"]

1. e4 d5 2. exd5 Qxd5 3. Nc3 Qa5 4. d4 c6 5. Bc4 Nf6 6. Bd2 Qc7 7. Nf3 Bg4 8.
Qe2 e6 9. O-O-O Bd6 10. h3 Bxf3 11. Qxf3 Nbd7 12. g4 Nb6 13. Bb3 O-O-O 14. g5
Nfd5 15. Nxd5 cxd5 16. Qc3 Qxc3 17. Bxc3 Kd7 18. Bd2 Rc8 19. Kb1 Nc4 20. Bxc4
Rxc4 21. c3 b5 22. b3 Rc6 23. Kb2 a5 24. f4 b4 25. cxb4 axb4 26. Rc1 Rxc1 27.
Rxc1 Rc8 28. Rxc8 Kxc8 29. Kc2 Kd7 30. Kd3 Ke7 31. Ke3 f6 32. Kf3 f5 33. h4 g6
1/2-1/2

[Event "DEM U12 2005"]
[Site "Willingen GER"]
[Date "2005.05.21"]
[Round "11"]
[White "Gheng, Hannelore"]
[Black "Hubbuch, Fabian"]
[Result "0-1"]
[Termination "normal"]
[Board "35"]
[WhiteElo "1233"]
[BlackElo "1452"]
[PlyCount "80"]
[EventCountry "GER"]
[EventRounds "11"]
[EventType "swiss"]
[EventDate "2005.05.15"]

1. e4 e5 2. Nf3 Nc6 3. Bb5 a6 4. Ba4 Nf6 5. O-O b5 6. Bb3 Bc5 7. c3 d6 8. Re1
O-O 9. d4 Bb6 10. Bg5 h6 11. Bh4 Bb7 12. Bd5 Qe7 13. Nbd2 Nd8 14. Bxb7 Nxb7 15.
Nf1 Rfe8 16. Ne3 c6 17. Nf5 Qe6 18. Bxf6 Qxf6 19. d5 c5 20. Ne3 Rec8 21. c4 Qd8
22. b3 Qd7 23. Nf5 Re8 24. Qd2 Ba5 25. Nxh6+ Kf8 26. Qg5 Bxe1 27. Rxe1 gxh6 28.
Qxh6+ Ke7 29. Qg5+ f6 30. Qg7+ Kd8 31. Qxf6+ Kc7 32. Ng5 Kb6 33. Ne6 Nd8 34. a3
Nxe6 35. dxe6 Qxe6 36. Qxe6 Rxe6 37. f3 Kc6 38. Rd1 Rb8 39. a4 bxa4 40. bxa4
Rb4 0-1